| 000 | 00380cam a2200157ua 4500 | ||
|---|---|---|---|
| 041 |
_amal _h |
||
| 082 |
_a894.8122 _bPON/SW |
||
| 100 | _aVarkey, Ponkunnam. | ||
| 245 |
_aSwarna nanayam / _cPonkunnam Varkey. _hTextual Documents |
||
| 250 |
_a / _b. |
||
| 260 |
_aThrissur : _bCurrent Books , _c1957. |
||
| 300 | _a168 ; . | ||
| 504 | _a | ||
| 942 | _cBK | ||
| 999 |
_c12785 _d12785 |
||